Advances in Computers, Vol. 6 Volume 6 /

Gespeichert in:
Bibliographische Detailangaben
Weitere Verfasser: Alt, Franz L. (Herausgegeben von), Rubinoff, Morris (Herausgegeben von), Booth, Andrew D. (Herausgegeben von), Meagher, R.E (Herausgegeben von)
Format: Buch
Sprache:Englisch
Veröffentlicht: New York 1965
Schlagworte:
Tags: Tag hinzufügen
Keine Tags, Fügen Sie das erste Tag hinzu!

MARC

LEADER 00000nam a22000003a 4500
001 0094111
003 SK-STU
005 20220222092146.8
007 ta
008 220222s ----xo-----e------000-0-----d
040 |a STU  |b slo 
041 0 |a eng  |h eng 
044 |a xxu 
100 1 |a Alt, Franz L.  |4 edt 
245 1 0 |a Advances in Computers, Vol. 6  |n Volume 6 /  |c ed. Franz L Alt ; ed. Morris Rubinoff, Andrew D Booth, R.E Meagher 
246 3 1 |n Volume 6 
260 |a New York  |c 1965 
300 |a 310 s. 
650 0 7 |a Ultraintelligent Machine, Digital Devices, Number Systems and Arithmetic, Space Probing, Nuclear Partical 
700 1 |a Rubinoff, Morris  |4 edt 
700 1 |a Booth, Andrew D.  |4 edt 
700 1 |a Meagher, R.E.  |4 edt 
996 |b 16806  |c I* 16806  |d Volume 6 /  |l IIMUZ  |s A  |a 24  |w 0094111_0001